| 000 | 00607nam a22002057a 4500 | ||
|---|---|---|---|
| 003 | URS | ||
| 005 | 20220114171927.0 | ||
| 008 | 180503b xxu||||| |||| 00| 0 eng d | ||
| 020 | _a9789382226147 | ||
| 050 | 1 | 4 |
_aHD 9016.142 _bS897 |
| 100 | 1 |
_aStrasbourg, Louis, _eauthor |
|
| 245 |
_aAgricultural business management : _cLouis K. Strasbourg. |
||
| 264 | 1 |
_aNew Delhi India. _bRandom Exports, |
|
| 300 |
_aviii, 278 pages: _billustration; _c25cm |
||
| 336 |
_2rdacontent _atext |
||
| 336 |
_2rdacontent _astill image |
||
| 337 |
_2rdamedia _aundmediated |
||
| 338 |
_2rdacarrier _avolume |
||
| 942 |
_2lcc _cFR |
||
| 999 |
_c15189 _d15189 |
||